|
|
|
|
| LEADER |
02568nam a2200577 i 4500 |
| 001 |
nkc20183055886 |
| 003 |
CZ PrNK |
| 005 |
20190523140540.0 |
| 007 |
ta |
| 008 |
181112s2018 xr a f m 000 0 cze |
| 015 |
|
|
|a cnb003055886
|
| 020 |
|
|
|a 978-80-214-5666-2
|q (brožováno)
|
| 035 |
|
|
|a (OCoLC)1085399758
|
| 040 |
|
|
|a OLA001
|b cze
|d ABA001
|e rda
|
| 041 |
0 |
|
|a cze
|b eng
|
| 072 |
|
7 |
|a 536
|x Teplo. Termodynamika
|2 Konspekt
|9 6
|
| 080 |
|
|
|a 536.21/.23
|2 MRF
|
| 080 |
|
|
|a 669.146
|2 MRF
|
| 080 |
|
|
|a 519.876.5
|2 MRF
|
| 080 |
|
|
|a (043.5)
|2 MRF
|
| 080 |
|
|
|a (048.3)
|2 MRF
|
| 100 |
1 |
|
|a Pohanka, Michal
|7 ola20181017560
|4 aut
|
| 245 |
1 |
0 |
|a Rozvoj inverzních metod vedení tepla a jejich aplikace =
|b Development of inverse heat transfer methods and their applications : zkrácená verze habilitační práce v oboru aplikovaná mechanika /
|c Michal Pohanka
|
| 246 |
3 |
1 |
|a Development of inverse heat transfer methods and their applications
|
| 264 |
|
1 |
|a Brno :
|b Vysoké učení technické v Brně, nakladatelství VUTIUM,
|c 2018
|
| 300 |
|
|
|a 39 stran :
|b ilustrace ;
|c 25 cm
|
| 336 |
|
|
|a text
|b txt
|2 rdacontent
|
| 337 |
|
|
|a bez média
|b n
|2 rdamedia
|
| 338 |
|
|
|a svazek
|b nc
|2 rdacarrier
|
| 490 |
1 |
|
|a Vědecké spisy Vysokého učení technického v Brně. Habilitační a inaugurační spisy,
|x 1213-418X ;
|v sv. 609
|
| 500 |
|
|
|a Zkrácená verze habilitační práce--Vysoké učení technické v Brně, Fakulta strojního inženýrství, Laboratoř přenosu tepla a proudění, 2018
|
| 504 |
|
|
|a Obsahuje bibliografii
|
| 546 |
|
|
|a Anglické resumé
|
| 650 |
0 |
7 |
|a sdílení tepla vedením
|7 ph265722
|2 czenas
|
| 650 |
0 |
7 |
|a zpracování oceli
|7 ph165976
|2 czenas
|
| 650 |
0 |
7 |
|a numerické modelování
|7 ph123367
|2 czenas
|
| 650 |
0 |
9 |
|a heat conduction
|2 eczenas
|
| 650 |
0 |
9 |
|a steel processing
|2 eczenas
|
| 650 |
0 |
9 |
|a numerical modeling
|2 eczenas
|
| 655 |
|
7 |
|a habilitační práce
|7 fd185153
|2 czenas
|
| 655 |
|
7 |
|a teze
|7 fd133701
|2 czenas
|
| 655 |
|
9 |
|a habilitation theses
|2 eczenas
|
| 655 |
|
9 |
|a abstracts
|2 eczenas
|
| 710 |
2 |
|
|a Vysoké učení technické v Brně.
|b Laboratoř přenosu tepla a proudění
|7 olak2011669854
|4 isb
|
| 810 |
2 |
|
|a Vysoké učení technické v Brně.
|t Vědecké spisy.
|p Habilitační a inaugurační spisy
|0 s
|
| 910 |
2 |
|
|a BOA001
|b 2-1427.645
|
| 928 |
9 |
|
|a VUTIUM
|
| 990 |
|
|
|a BK
|
| 995 |
|
|
|a 01
|
| 996 |
6 |
|
|b 2610783501
|c 2-1427.645
|l MZK
|r Sklad / do 1 hodiny
|n 0
|p p.v.
|w 001724729
|u 000010
|a 1
|e BOA001
|j MZK50
|s P
|
| 996 |
7 |
|
|b 2610783502
|c 2-1427.645
|l MZK
|r Sklad / do 1 hodiny
|n 0
|p p.v.
|w 001724729
|u 000020
|a 1
|e BOA001
|j MZK50
|s A
|